| 000 | 00359nam a22001577a 4500 | ||
|---|---|---|---|
| 999 |
_c526813 _d526813 |
||
| 003 | NUST | ||
| 038 | _awaseem | ||
| 082 |
_a297.4 _bAUL |
||
| 245 | _aAuliaya karam / | ||
| 260 |
_aLahore : _bTabay Printers, _c1986. |
||
| 300 | _a480 p. ; | ||
| 500 | _aPapercover. | ||
| 880 | _6100-01\r | ||
| 880 |
_6245-02\r _aاولیآئے کرام / |
||
| 942 |
_2ddc _cBK |
||